Linear algebra: Concepts and methods (Record no. 20227)

MARC details
000 -LEADER
fixed length control field 00464nam a2200169Ia 4500
008 - FIXED-LENGTH DATA ELEMENTS--GENERAL INFORMATION
fixed length control field 230917s9999||||xx |||||||||||||| ||und||
020 ## - ISBN
Price GBP29.99
040 ## - CATALOGING SOURCE
-- 207767
Original cataloging agency VIVEKANANDA LIBRARY
041 ## - Language
-- English
082 ## - DDC NUMBER
Classification number 512.5 A86L
100 ## - MAIN ENTRY--PERSONAL NAME
Personal name Anthony, Martin
245 #0 - TITLE STATEMENT
Title Linear algebra: Concepts and methods
260 ## - PUBLICATION, DISTRIBUTION, ETC. (IMPRINT)
Place of publication, distribution, etc Cambridge
Name of publisher, distributor, etc Cambridge University Press
Date of publication, distribution, etc 2012
300 ## - PHYSICAL DESCRIPTION
Pages xiv, 516 p.
500 ## - GENERAL NOTE
General note 2501 29/07/2013 188 08/08/2013 Main Budget
942 ## - ADDED ENTRY ELEMENTS (KOHA)
Koha item type Books
Holdings
Withdrawn status Lost status Damaged status Not for loan Location (home branch) Sublocation or collection (holding branch) Date acquired Koha issues (times borrowed) Koha full call number Accession No. Koha date last seen Koha item type
        VIVEKANANDA LIBRARY VIVEKANANDA LIBRARY 27/01/2014   512.5 A86L 334588 17/09/2023 Books
© Designed and Maintained by Vivekananda Library, MDU Rohtak